01018nam a2200241Ia 450000100060000000300070000600800410001304000110005408000170006510000440008224501240012624500230025024501430027326000230041626000090043930000250044865301180047365300230059194200070061499900170062195200690063895200690070716720GE_BSU181216s||||||||xx |||||||||||||| ||und|| cGE_BSU a821.161.1-31 aვასილიევი, არკ. aდღის პირველ საათზე, თქვენო აღმატებულებავ...წ. 2 bრომანი cთარგმნეს ნ. მეგრელიშვილმა და შ. როყვამ. რედ. ო.გოგუაძე aბათუმი c1976 a215 გვ.22სმ. aდღის პირველ საათზე, თქვენო აღმატებულებავ... aრომანი cBK c49785d49785 00104070967512d2018-12-17p21263r2018-12-17w2018-12-17yBK 00104070967513d2018-12-17p21273r2018-12-17w2018-12-17yBK